NFL 2025 Quarterback Draft Class - Statistics

General Stats
  • This quiz has been taken 329 times
  • The average score is 9 of 14
Answer Stats
Hint Answer % Correct
Miami Cam Ward
99%
Colorado Shedeur Sanders
98%
Ole Miss Jaxon Dart
95%
Texas Quinn Ewers
86%
Alabama Jalen Milroe
84%
Ohio State Will Howard
80%
Oregon Dillon Gabriel
79%
Notre Dame Riley Leonard
66%
Syracuse Kyle McCord
62%
Louisville Tyler Shough
52%
Missouri Brady Cook
38%
Indiana Kurtis Rourke
38%
Houston Donovan Smith
15%
Memphis Seth Henigan
14%
No matching quizzes found
Score Distribution
Percent of People with Each Score
Percentile by Number Answered
Your Score History
You have not taken this quiz